| 000 | 01014nmc a2200361 a 4500 | ||
|---|---|---|---|
| 003 | AR-BaBNM | ||
| 005 | 20251128204756.0 | ||
| 008 | 205119s1994 ||||||||||||||000 | spa|| | ||
| 020 | _a84-207-6147-8 | ||
| 040 | _cAR-BaBNM | ||
| 100 | 1 | _aGonzález Lucini, Fernando | |
| 245 | 1 | 0 | _aTemas transversales y educación en valores |
| 250 | _a3ª ed. | ||
| 260 |
_aMadrid _bAnaya _c1994 |
||
| 300 |
_a150 p. _bcuadros, tablas, gráfs. |
||
| 490 | 0 | _aHacer reforma | |
| 650 | 4 | _aEDUCACION COMUNITARIA | |
| 650 | 4 | _aEDUCACION AMBIENTAL | |
| 650 | 4 | _aEDUCACION PARA LA PAZ | |
| 650 | 4 | _aEDUCACION DEL CONSUMIDOR | |
| 650 | 4 | _aEDUCACION MORAL | |
| 650 | 4 | _aVALORES MORALES | |
| 650 | 4 | _aCURRICULO | |
| 650 | 4 | _aPROYECTOS EDUCACIONALES | |
| 650 | 4 | _aIGUALDAD DE EDUCACION | |
| 653 | _aTEMAS TRANSVERSALES | ||
| 653 | _aESTRATEGIAS EDUCATIVAS | ||
| 653 | _aEDUCACION VIAL | ||
| 653 | _aEDUCACION PARA LA SALUD | ||
| 800 | 1 |
_aGonzález Lucini, Fernando _edirector |
|
| 942 | _cBK | ||
| 998 | _cGrace | ||
| 999 |
_c8777 _d8777 |
||